Loading...
| Current Events | 2 | 20.00 | 100% | 100% | 0% |
| Fine Arts - Classical Music | 5 | 30.00 | 100% | 100% | 100% |
| Fine Arts - Other Fine Arts | 6 | 28.33 | 100% | 100% | 83% |
| Geography | 2 | 20.00 | 100% | 100% | 0% |
| History - American History | 6 | 15.00 | 100% | 33% | 17% |
| History - European History | 4 | 22.50 | 100% | 100% | 25% |
| History - Other History | 5 | 20.00 | 100% | 60% | 40% |
| History - World History | 4 | 15.00 | 100% | 50% | 0% |
| Literature - American Literature | 5 | 20.00 | 100% | 40% | 60% |
| Literature - British Literature | 4 | 7.50 | 50% | 25% | 0% |
| Literature - European Literature | 6 | 21.67 | 83% | 100% | 33% |
| Literature - World Literature | 7 | 15.71 | 100% | 57% | 0% |
| Mythology | 3 | 30.00 | 100% | 100% | 100% |
| Painting/Sculpture | 4 | 22.50 | 100% | 100% | 25% |
| Philosophy | 6 | 15.00 | 67% | 67% | 17% |
| Pop Culture | 5 | 20.00 | 100% | 60% | 40% |
| Religion | 5 | 18.00 | 80% | 60% | 40% |
| Science - Biology | 5 | 20.00 | 100% | 80% | 20% |
| Science - Chemistry | 3 | 16.67 | 100% | 33% | 33% |
| Science - Other Science | 8 | 22.50 | 100% | 88% | 38% |
| Science - Physics | 8 | 16.25 | 88% | 63% | 13% |
| Social Science | 3 | 20.00 | 100% | 67% | 33% |